Normal view
MARC view
- Patricia L Rieman
Entry Personal Name
001 - CONTROL NUMBER
- control field: 9316
003 - CONTROL NUMBER IDENTIFIER
- control field: NUST
005 - DATE AND TIME OF LATEST TRANSACTION
- control field: 20180120163146.0
008 - FIXED-LENGTH DATA ELEMENTS
- fixed length control field: 180120|| aca||aabn | a|a d
040 ## - CATALOGING SOURCE
- Original cataloging agency: NUST
- Transcribing agency: NUST
100 ## - HEADING--PERSONAL NAME
- Personal name: Patricia L Rieman
670 ## - SOURCE DATA FOUND
- Source citation: Work cat.: (NUST)321000: Patricia L Rieman, Teaching portfolios : presenting your professional best, 2000
